Movies Quiz

Random Movies or Actor Quiz

Common Movie Bonds Quiz Stats

 Plays Quiz not verified by Sporcle

Challenge
Share
Tweet
Embed
Score 0/52 Timer 15:00
0 Plays Today
% Correct
Angelina Jolie
92.2%
Ben Affleck
90.2%
Bruce Willis
89.6%
Anthony Hopkins
89.1%
Val Kilmer
82.4%
Robert Downey Jr.
81.3%
Gwyneth Paltrow
80.3%
Don Cheadle
78.8%
Jeff Goldblum
74.6%
IRON MAN 2
67.9%
Iron Man 2
67.9%
Samuel L. Jackson
64.8%
Samuel L. Jackson
64.8%
Forest Whitaker
64.2%
Katie Holmes
63.7%
Harvey Keitel
63.2%
PULP FICTION
60.1%
Pulp Fiction
60.1%
Michael Clarke Duncan
58.5%
Mark Ruffalo
58.5%
Chris Evans
57%
Colin Farrell
55.4%
Colin Farrell
55.4%
Guy Pearce
54.9%
Ving Rhames
53.9%
THE AVENGERS
51.8%
% Correct
The Avengers
51.8%
JURASSIC PARK
49.2%
Jurassic Park
49.2%
Ralph Fiennes
48.2%
Kiefer Sutherland
45.6%
Joe Pantoliano
43%
Chris Cooper
40.4%
Sam Neill
39.9%
Richard Attenborough
39.9%
DAREDEVIL
37.8%
Daredevil
37.8%
Jeremy Renner
37.8%
Jeremy Renner
37.8%
PHONE BOOTH
35.2%
ALEXANDER
35.2%
Phone Booth
35.2%
Alexander
35.2%
S.W.A.T.
33.2%
Stellan Skarsgard
32.6%
THE HURT LOCKER
30.6%
The Hurt Locker
30.6%
David Morse
29.5%
Rebecca Hall
27.5%
Pete Postlethwaite
25.4%
THE TOWN
23.3%
The Town
23.3%

You're not logged in!

Compare scores with friends on all Sporcle quizzes.
Join for Free
OR
Log In

You Might Also Like...

Show Comments

Extras

Top Quizzes Today


Score Distribution

Your Account Isn't Verified!

In order to create a playlist on Sporcle, you need to verify the email address you used during registration. Go to your Sporcle Settings to finish the process.

Report this User

Report this user for behavior that violates our Community Guidelines.

Details: